[Event "13th BPB Limburg Open 2019"]
[Site "Maastricht"]
[Date "2019.06.07"]
[Round "1.1"]
[White "Bok, Benjamin"]
[Black "Barzen, Pascal"]
[Result "1-0"]
[WhiteElo "2638"]
[BlackElo "2292"]
[Annotator "TA"]
[PlyCount "108"]
[EventDate "2019.06.07"]
[EventCountry "NED"]
[SourceTitle "playchess.com"]
[Source "ChessBase"]
[SourceQuality "1"]

{[%evp 9,108,23,27,26,26,18,19,11,16,40,37,29,54,61,41,3,13,0,0,0,-3,-10,0,0,0,-10,-9,-35,-35,-29,-29,-27,0,-34,-7,-11,0,-25,-25,-44,-20,-20,-18,-29,-10,-10,-10,-3,-17,-16,0,-18,-15,-10,0,0,10,0,0,-23,0,0,0,0,0,0,0,0,0,0,0,0,-30,-16,-16,-8,32,32,32,32,66,40,40,43,143,55,758,757,1727,1875,29987,2626,29988,29989,29993,29994,29994,29995,29995,29996,29996]} 1. c4 e5 2. g3 Nc6 3. Bg2 Bc5 4. Nc3 d6 5. e3 a6 6. Nge2 {A25: English Opening vs King's Indian with ...Nc6 but without early d3} (6. Nf3 Nf6 7. O-O O-O 8. h3 Ba7 9. d4 h6 10. dxe5 dxe5 11. Qxd8 Rxd8 12. b3 Be6 13. Ba3 Rd7 14. Rfd1 Rad8 15. Rxd7 Rxd7 {½-½ (41) Howell,D (2676)-Ponomariov,R (2694) Riadh 2017}) 6... h5 7. d4 Ba7 8. h3 {The position is equal.} h4 9. g4 f5 10. d5 Nb8 11. gxf5 $146 ({Predecessor:} 11. f3 Nh6 12. Qc2 {0-1 (31) De Paula,R (2259)-Matsuura,E (2501) Brasilia 2016}) 11... Bxf5 12. e4 (12. Be4 $5 {[%cal Re4f5]} Qf6 13. Qc2 $11) 12... Bg6 13. Qd3 Nd7 14. Be3 Bxe3 15. Qxe3 Ngf6 16. f4 Bf7 17. f5 g6 18. fxg6 Bxg6 19. Bf3 Qe7 20. O-O-O O-O-O 21. Rhg1 Bh5 22. Bxh5 Nxh5 23. Rdf1 Rdf8 24. Kd2 Kb8 25. Rxf8+ Qxf8 26. Rg5 Nc5 27. Rf5 Nf6 28. b4 Ncd7 29. Kc2 b6 30. Nb1 {[%cal Bc3b1,Bb1d2,Bd2f3][%mdl 32]} Qg7 31. Nd2 Qg6 32. Qg5 Rg8 (32... Rh6 {seems wilder.} 33. Nc3 Qh7 34. Qg2 Rg6 35. Rg5 Rxg5 36. Qxg5 Kb7) 33. Qxg6 Rxg6 34. Rf2 Nh5 35. Nf3 Rf6 36. Kd3 b5 37. cxb5 axb5 38. Ke3 Nb6 {Hoping for ...Nc4+.} 39. Nd2 Rg6 40. Rf5 Ng3 41. Rf8+ Kb7 42. Nc3 $1 Nc4+ 43. Nxc4 bxc4 $14 {[%mdl 4096] Endgame KRN-KRN} 44. Rf7 {Black must now prevent Nb5.} Nh5 45. Nb5 $1 Rg3+ 46. Kd2 Rxh3 ({Black should play} 46... Kb6 $14 47. a4 Rg7 48. Rxg7 Nxg7) 47. Rxc7+ (47. Nxd6+ $1 $16 Kb8 48. Nxc4) 47... Kb6 $2 {[%mdl 8192] [#]} (47... Kb8 $14) 48. a4 $18 {[%cal Ba2a4,Ba4a5,Ba5a6,Ba6a7][%mdl 32]} Rd3+ 49. Kc2 h3 50. Rc6+ Kb7 51. a5 {White mates.} h2 52. a6+ Kb8 53. a7+ Kb7 54. Rc7+ Kb6 {Accuracy: White = 66%, Black = 44%.} 1-0

[Event "13th BPB Limburg Open 2019"]
[Site "Maastricht"]
[Date "2019.06.07"]
[Round "1.3"]
[White "Van Foreest, Jorden"]
[Black "Van Dael, Siem"]
[Result "1-0"]
[WhiteElo "2610"]
[BlackElo "2290"]
[Annotator "TA"]
[PlyCount "71"]
[EventDate "2019.06.07"]
[EventCountry "NED"]
[SourceTitle "playchess.com"]
[Source "ChessBase"]
[SourceQuality "1"]

{[%evp 26,71,28,29,13,16,5,5,14,27,5,18,17,17,12,14,105,104,126,123,118,91,163,166,179,177,174,174,171,162,164,156,156,56,62,61,142,142,208,238,6624,6612,6544,6070,29961,29955,29971,5065]} 1. e4 c5 2. Nf3 d6 3. d4 cxd4 4. Nxd4 Nf6 5. Nc3 g6 6. Be3 Bg7 7. f3 O-O 8. Qd2 Nc6 9. g4 Be6 10. O-O-O Nxd4 11. Bxd4 Qa5 12. Kb1 Rfc8 13. a3 Rab8 14. h4 b5 {Strongly threatening ...b4. B76: Sicilian Dragon: Yugoslav Attack, 9 g4 and 9 0-0-0} 15. Nd5 $1 {[%cal Rd5e7]} Qxd2 16. Rxd2 Bxd5 {The position is equal.} 17. exd5 a5 18. h5 Nd7 19. g5 Ne5 (19... Bxd4 20. Rxd4 Rc5 21. Bh3 Nf8 22. hxg6 hxg6 {1-0 (66) Cheparinov,I (2683)-Gazik,V (2535) Skopje 2019}) 20. hxg6 Nxf3 $146 (20... fxg6 $11 21. Re2 Rf8) ({Predecessor:} 20... fxg6 21. Rf2 Rf8 22. Ba7 Ra8 {½-½ (22) Fagerstrom,M (2212)-Manninen,A (2259) ICCF email 2016}) 21. gxf7+ $16 Kf8 22. Bxg7+ Kxg7 23. Rg2 Rh8 (23... Ne5 $16) 24. Bd3 $1 $18 Ne5 25. Bf5 $1 Kxf7 26. Rgh2 (26. Bxh7 $6 b4 $16) 26... Rbf8 27. g6+ ({But not} 27. Rxh7+ $6 Rxh7 28. g6+ (28. Bxh7 Kg7 $14) (28. Rxh7+ Kg8 $17 {[%mdl 64] Discovered Attack}) 28... Kg7 $1 $14 {[%mdl 512]}) 27... Kg7 28. Rxh7+ Rxh7 29. Rxh7+ {[%mdl 4096] Endgame KRB-KRN} ({White should try} 29. gxh7 $16 Kh8 30. Rh5) 29... Kf6 $14 30. Be4 Rg8 (30... b4 $1 $14) 31. c3 $16 Nxg6 (31... Rf8 $16 {is a better defense.} 32. Kc2 Rc8) 32. Rh6 $1 $18 Kg5 $2 (32... a4 33. Bd3 Kf7) 33. Rxg6+ $1 Rxg6 34. Bxg6 Kxg6 {[#]} 35. b4 $1 {[%cal Rb4a5]} axb4 {[#]} 36. c4 $1 {Accuracy: White = 100%, Black = 33%.} 1-0

[Event "13th BPB Limburg Open 2019"]
[Site "Maastricht"]
[Date "2019.06.07"]
[Round "1.4"]
[White "Suvorov, Luca"]
[Black "Van Wely, Loek"]
[Result "0-1"]
[WhiteElo "2276"]
[BlackElo "2604"]
[Annotator "TA"]
[PlyCount "102"]
[EventDate "2019.06.07"]
[EventCountry "NED"]
[SourceTitle "playchess.com"]
[Source "ChessBase"]
[SourceQuality "1"]

{[%evp 9,102,39,39,35,42,18,37,27,81,88,92,79,106,96,110,101,86,40,52,43,62,52,69,33,33,39,29,42,35,33,64,25,0,-30,-29,-28,-36,-32,-25,-39,-43,-35,-38,-39,-40,-63,-19,-13,0,-22,0,0,0,0,0,0,0,0,0,0,0,-22,-7,-26,-33,-47,-18,-16,-11,-22,0,0,0,0,0,-31,-31,-502,-484,-485,-466,-599,-596,-556,-534,-846,-840,-825,-812,-746,-677,-653,-653,-601,-591]} 1. d4 Nf6 2. c4 g6 3. f3 c5 4. d5 d6 5. e4 Bg7 6. Ne2 {E60: King's Indian: Unusual lines and Fianchetto Variation without Nc3} e6 7. Nec3 O-O 8. Be3 {White is slightly better.} e5 $146 (8... exd5 $11 {keeps the balance.} 9. cxd5 a6) ({Predecessor:} 8... Re8 9. Be2 exd5 10. cxd5 Nbd7 11. O-O Ne5 12. a4 a6 13. Na3 Bd7 14. h3 {1-0 (67) Laznicka,V (2679)-Radjabov,T (2724) Dubai 2014}) 9. g4 $16 h5 {[%cal Rh5g4]} 10. h3 Nbd7 11. Bd3 a6 12. a4 Nh7 13. Qd2 h4 14. Rg1 Bf6 15. g5 Bg7 16. Qf2 f6 17. gxf6 Qxf6 18. Nd2 g5 19. Qg2 Qh6 20. Nd1 ({Much weaker is} 20. Bxg5 Nxg5 21. Qxg5 Qxg5 $11) (20. a5 {feels hotter.} Ndf6 21. Na4 Nh5 22. Nb6 Rb8 23. O-O-O) 20... Ndf6 21. Bxg5 Nxg5 22. Qxg5 Qxg5 23. Rxg5 Bxh3 24. Ne3 Kf7 {[#] Hoping for ...Bh6.} 25. Nf5 Bxf5 $1 26. exf5 Bh6 27. Rg6 Bxd2+ (27... Rh8 {looks sharper.} 28. Ne4 Nxe4 29. Bxe4 Rag8 30. Kf2 h3) 28. Kxd2 Rh8 29. Rh1 Rag8 30. a5 Rh5 31. b3 Rb8 32. Kc3 b6 33. axb6 Rxb6 34. Bc2 Rb8 35. Rh2 a5 36. Bd3 (36. Rh3 {seems wilder.} Rg8 37. Kb2 Rhh8 38. Ka3 Rb8 39. Rg1) 36... Rg8 37. Kd2 Rxg6 38. fxg6+ $15 {[%mdl 4096] Endgame KRB-KRN} Kg7 39. Ke3 Ng8 40. f4 Nf6 {[#] White must now prevent ...Ng4+.} 41. Rh3 Rh8 42. Bf5 e4 43. Rh1 $2 {[%mdl 8192]} (43. Kd2 $15) 43... Rb8 $19 {Black is clearly winning.} 44. Rxh4 Rxb3+ 45. Ke2 a4 {[%cal Ba5a4,Ba4a3][%mdl 32]} 46. Rh1 a3 47. Ra1 Nh5 48. Kd2 Ng3 49. Bg4 Kxg6 50. Kc2 Rd3 51. Rg1 Kf6 {Accuracy: White = 52%, Black = 58%.} 0-1

[Event "13th BPB Limburg Open 2019"]
[Site "Maastricht"]
[Date "2019.06.08"]
[Round "2.1"]
[White "Bok, Benjamin"]
[Black "Hilwerda, Jonas"]
[Result "1-0"]
[WhiteElo "2638"]
[BlackElo "2303"]
[Annotator "TA"]
[PlyCount "59"]
[EventDate "2019.06.07"]
[EventCountry "NED"]
[SourceTitle "playchess.com"]
[Source "ChessBase"]
[SourceQuality "1"]

{[%evp 10,59,39,37,31,37,38,38,43,42,45,39,58,40,49,45,48,41,34,40,39,21,159,136,133,167,139,122,265,290,555,552,613,606,635,635,635,620,733,628,628,616,620,616,597,608,595,591,809,808,712,727]} 1. Nf3 Nf6 2. c4 b6 3. g3 Bb7 4. Bg2 e6 5. O-O g6 6. d4 Bg7 {E16: Queen's Indian: 4 g3 Bb7 5 Bg2 Bb4+} 7. Bf4 O-O 8. Nc3 Ne4 {White is slightly better.} 9. Nb5 Na6 10. Rc1 $146 ({Predecessor:} 10. Nd2 d5 11. cxd5 Nxd2 12. Qxd2 Bxd5 13. Bxd5 Qxd5 14. Nxc7 Nxc7 15. Bxc7 {½-½ (28) Sebenik,M (2562)-Bacrot,E (2718) chess.com INT 2018}) 10... Qc8 11. Qc2 d6 12. a3 Re8 13. b4 {[%cal Bb2b4,Bb4c5,Bc5c6][%mdl 32]} e5 14. dxe5 dxe5 15. Be3 Rd8 (15... Nb8 $11) 16. c5 bxc5 17. bxc5 {Hoping for c6.} Bd5 18. c6 Nb8 (18... Nd6 $16) 19. Rfd1 $18 {Strongly threatening Ng5.} ({Don't play} 19. Nxa7 $6 Qe6 $16) 19... a6 $2 (19... Nf6 20. Nxa7 (20. Nxe5 a6 $16) 20... Qg4 21. Nxe5 Qe6) 20. Na7 {White is clearly winning.} Qe6 {[#]} 21. Qxe4 $1 {[%mdl 512]} Bxe4 22. Rxd8+ Bf8 23. Bh6 {[%csl Gh6][%cal Rd8f8]} Qe7 24. Rxf8+ Qxf8 25. Bxf8 Kxf8 26. Nxe5 {[%mdl 64] Discovered Attack} Bxg2 27. Kxg2 Rxa7 {KRN-KRN} 28. Rb1 Ra8 {[#]} 29. Rxb8+ $1 {[%mdl 576] Remove Defender, Decoy} Rxb8 30. Nd7+ {[%mdl 64] Double Attack. Accuracy: White = 83%, Black = 35%.} 1-0

[Event "13th BPB Limburg Open 2019"]
[Site "Maastricht"]
[Date "2019.06.08"]
[Round "2.2"]
[White "Donchenko, Alexander"]
[Black "Song, Raymond"]
[Result "1-0"]
[WhiteElo "2618"]
[BlackElo "2450"]
[Annotator "TA"]
[PlyCount "101"]
[EventDate "2019.06.07"]
[EventCountry "NED"]
[SourceTitle "playchess.com"]
[Source "ChessBase"]
[SourceQuality "1"]

{[%evp 12,101,30,18,31,20,18,18,23,2,15,11,9,-13,6,6,13,0,2,0,0,0,0,0,0,0,0,0,0,0,0,0,4,0,0,0,14,17,20,20,31,29,94,94,94,104,98,106,105,92,120,129,128,126,122,129,312,312,312,312,312,305,305,0,173,0,305,290,29945,29945,29970,29968,29972,29973,29973,29973,29974,29974,29974,29973,29974,29975,29967,29970,29974,29974,29981,29982,29982,29983,29983,29981]} 1. c4 Nf6 2. g3 e6 3. Bg2 d5 4. Nf3 Be7 5. O-O O-O 6. d4 dxc4 7. Qc2 b6 {E05: Open Catalan: 5 Nf3 Be7} 8. Bg5 Nd5 9. Bxe7 Qxe7 {The position is equal.} 10. Ne5 Bb7 11. Qxc4 c5 12. Rc1 $146 {[%cal Rd4c5]} ({Predecessor:} 12. Nc3 Nxc3 13. Qxc3 cxd4 14. Qxd4 Bxg2 15. Kxg2 {½-½ (58) Postny,E (2621)-Tomashevsky,E (2702) Biograd 2018}) 12... Rc8 13. Nc3 {[%cal Rc3d5]} Nxc3 14. Rxc3 Bxg2 $1 15. Kxg2 Qb7+ 16. Kg1 Nd7 17. Nxd7 Qxd7 18. Rac1 {[%cal Rd4c5]} b5 19. Qd3 c4 20. Qd2 Rd8 21. b3 cxb3 22. Rxb3 h6 23. e3 Rac8 24. Rbc3 Rxc3 25. Qxc3 $11 {[%mdl 4096] Endgame KQR-KQR} a6 26. Qc6 Qd5 (26... Qxc6 $11 27. Rxc6 a5) 27. Qxa6 $16 Ra8 28. Rc8+ Rxc8 29. Qxc8+ {KQ-KQ} Kh7 30. Qc2+ f5 31. h4 Kg6 32. a3 Kf6 33. Qc8 Qd6 $2 {[#]} (33... Kg6 $16 {was worth a try.} 34. Qc7 Kh7) 34. Qe8 $18 g6 35. Qh8+ ({Less strong is} 35. Qxb5 Qxa3 36. Qe8 h5 $16) 35... Kf7 36. Qh7+ ({Weaker is} 36. Qxh6 Qxa3 37. Qh7+ Kf6 $16) 36... Kf6 37. Qh8+ (37. Qxh6 $142 {Black must now prevent h5.} Kf7 38. Qh7+ Kf6 39. Qb7) 37... Kf7 {[#]} 38. Qh7+ (38. g4 $142 $1) 38... Kf6 39. Qxh6 {h5 is the strong threat.} Qxa3 $2 (39... Kf7 $18 40. Qh7+ Kf6) 40. h5 {White mates.} Qa1+ 41. Kh2 Qf1 42. Qxg6+ Ke7 43. Qg7+ Kd6 44. h6 Qxf2+ 45. Kh3 Qe2 46. Kh4 Qh2+ 47. Kg5 Qxg3+ 48. Kf6 f4 49. Qe7+ Kc6 50. Qxe6+ Kb7 51. Qe4+ {Accuracy: White = 80%, Black = 46%.} 1-0

[Event "13th BPB Limburg Open 2019"]
[Site "Maastricht"]
[Date "2019.06.08"]
[Round "2.3"]
[White "Van Foreest, Jorden"]
[Black "Anagnostopoulos, Konstantinos"]
[Result "1-0"]
[WhiteElo "2610"]
[BlackElo "2325"]
[Annotator "TA"]
[PlyCount "73"]
[EventDate "2019.06.07"]
[EventCountry "NED"]
[SourceTitle "playchess.com"]
[Source "ChessBase"]
[SourceQuality "1"]

{[%evp 9,73,0,0,0,0,0,17,11,14,0,8,7,40,35,37,10,8,11,18,19,28,18,33,27,32,35,34,41,71,75,158,151,139,142,162,157,198,199,195,188,180,162,156,155,154,76,464,464,464,464,464,464,435,206,295,295,460,460,684,575,1723,1616,2932,2635,29975,29976]} 1. Nf3 d5 2. d4 Nf6 3. c4 e6 4. Nc3 Be7 5. h3 O-O 6. cxd5 {D37: Queen's Gambit Declined: 5 Bf4} exd5 7. Bf4 c6 (7... c5 8. dxc5 Bxc5 9. e3 Nc6 10. Be2 d4 11. exd4 Bxd4 12. O-O Bxc3 13. bxc3 h6 {½-½ (39) Nakamura,H (2769)-Anand,V (2760) Stavanger 2018}) 8. e3 {The position is equal.} Bf5 9. g4 Bg6 10. Ne5 Qb6 11. Nxg6 fxg6 $146 ({Predecessor:} 11... hxg6 12. Qc2 Nbd7 13. O-O-O Qa5 14. h4 b5 15. g5 Nh5 {1-0 (36) Dimukhametov,A (2354)-Vetryansky,V (2244) Moscow 2011}) 12. Qb3 Nbd7 13. Bd3 Qxb3 14. axb3 Ne8 15. O-O Bd6 16. Bxd6 Nxd6 17. f3 a6 18. e4 dxe4 19. fxe4 c5 (19... Rxf1+ $142 20. Bxf1 (20. Rxf1 Rf8 $14) 20... Nb6) 20. e5 $16 cxd4 21. exd6 dxc3 22. bxc3 {[%cal Bb2c3,Bc3c4][%mdl 32]} Rf6 23. Bc4+ Kh8 24. Rxf6 gxf6 $18 {[%mdl 4096] Endgame [#] KRB-KRN} 25. Bd5 $1 Rd8 26. c4 ({Don't do} 26. Bxb7 $6 Nc5 $16) 26... Kg7 27. Re1 ({White should try} 27. Kf1) 27... b6 $2 {[%mdl 8192]} (27... a5 $16 {is tougher.}) 28. b4 Kh6 29. Re7 Kg5 30. c5 bxc5 {[#]} 31. Be6 (31. Rxd7 $142 $1 {[%mdl 512]} Rxd7 32. bxc5) 31... Ne5 (31... Nb8 {is a better defense.}) 32. bxc5 Kf4 (32... a5 $142 33. Bd5 (33. Rxh7 Rb8 $16) 33... Kh4) 33. Bd5 h5 (33... f5 $142 34. Re6 Nf7) 34. Re6 Rc8 35. c6 {[%cal Bc5c6,Bc6c7][%mdl 32]} Kg3 36. c7 hxg4 {[#]} 37. Rxe5 $1 {[%mdl 576] Clearance, Promotion. Accuracy: White = 77%, Black = 27%.} 1-0

[Event "13th BPB Limburg Open 2019"]
[Site "Maastricht"]
[Date "2019.06.08"]
[Round "2.4"]
[White "Van Wely, Loek"]
[Black "Klein, Felix"]
[Result "1-0"]
[WhiteElo "2604"]
[BlackElo "2328"]
[Annotator "TA"]
[PlyCount "87"]
[EventDate "2019.06.07"]
[EventCountry "NED"]
[SourceTitle "playchess.com"]
[Source "ChessBase"]
[SourceQuality "1"]

{[%evp 13,87,11,23,9,8,6,13,8,30,19,51,-2,16,-12,66,77,74,57,86,56,47,52,54,36,51,45,46,46,46,44,38,39,77,72,88,85,71,93,90,93,95,88,95,92,116,112,121,110,129,118,112,110,237,214,308,292,228,198,405,394,595,588,588,575,595,588,588,588,5813,5804,5583,5554,29977,29978,29981,29982]} 1. d4 d5 2. c4 e6 3. Nc3 Nf6 4. cxd5 exd5 5. Bg5 c6 6. e3 Bd6 7. Bd3 O-O (7... h6 $5 {[%cal Rh6g5]} 8. Bh4 O-O $11) 8. Qc2 {D35: Queen's Gambit Declined: Exchange Variation} h6 9. Bh4 Re8 10. Nge2 {The position is equal.} Be6 (10... Nbd7 11. g4 Nf8 12. h3 b5 13. Rg1 Ne6 14. f4 Bxf4 15. Bh7+ Kh8 16. exf4 Nxd4 17. Qd3 Nxe2 18. Nxe2 Qa5+ {0-1 (45) Mamedyarov,S (2809)-Kramnik,V (2800) Moscow 2018}) 11. f3 c5 12. Bxf6 $146 (12. Nb5 $14) ({Predecessor:} 12. Nb5 Bf8 13. Bxf6 Qxf6 14. Nc7 Rc8 15. Nxa8 c4 {½-½ (36) Fier,A (2558)-Ynojosa Aponte,F (2370) Batumi 2018}) 12... Qxf6 $11 13. Nb5 Qe7 ({Black should play} 13... Be7 $11) 14. Nxd6 $14 Qxd6 15. dxc5 Qe5 16. Qc3 Qxc3+ 17. Nxc3 Rc8 $1 18. e4 Rxc5 19. exd5 Bxd5 20. Nxd5 Rxd5 21. O-O-O {aiming for Bh7+!} Rc5+ 22. Kb1 Nc6 23. Be4 $36 {[%mdl 2048] Keeping Black busy.} f5 {[#]} 24. Rd5 $1 {[%cal Rd5c5]} Rxd5 25. Bxd5+ Kh7 26. Bxc6 bxc6 $16 {[%mdl 4096] Endgame KR-KR} 27. Re1 Rd8 28. Kc2 Rd6 29. a4 f4 30. Kc3 Rg6 31. Re2 Rg5 32. b4 Kg8 {[#]} (32... Kg6 $16 {was necessary.}) 33. h4 $1 $18 {[%cal Rh4g5]} Rg6 (33... Rg3 {was called for.} 34. Kd4 Kf7) 34. Kc4 Kf7 35. Kc5 h5 $2 (35... Rf6 36. h5 g5) 36. Re4 Rxg2 (36... Rf6 $142 37. Re5 g6) 37. Rxf4+ Ke6 38. Kxc6 g5 39. hxg5 Rxg5 40. b5 Rf5 41. Re4+ Kf6 42. Kb7 Rxf3 43. Kxa7 Kf5 44. Rb4 {Accuracy: White = 76%, Black = 31%.} 1-0

[Event "13th BPB Limburg Open 2019"]
[Site "Maastricht"]
[Date "2019.06.08"]
[Round "3.2"]
[White "Donchenko, Alexander"]
[Black "Van Foreest, Jorden"]
[Result "1/2-1/2"]
[WhiteElo "2618"]
[BlackElo "2610"]
[Annotator "TA"]
[PlyCount "62"]
[EventDate "2019.06.07"]
[EventCountry "NED"]
[SourceTitle "playchess.com"]
[Source "ChessBase"]
[SourceQuality "1"]

{[%evp 17,62,16,18,17,13,17,13,0,15,33,20,-8,-20,-47,-58,-64,-63,-70,-57,-62,-57,-82,-28,-38,-30,-26,-27,-29,-34,-31,-22,-4,-12,-21,0,0,0,0,0,0,0,0,0,0,0,0,0]} 1. Nf3 c5 2. c4 Nf6 $146 ({Predecessor:} 2... Nc6 3. Nc3 g6 4. e3 {½-½ (13) Tomashevsky,E (2710)-Alekseev,E (2622) Sochi 2017}) 3. Nc3 Nc6 4. e3 g6 5. d4 cxd4 6. exd4 d5 7. cxd5 Nxd5 8. Qb3 e6 9. Bb5 Bg7 10. O-O {A35: Symmetrical English: 2 Nc3 Nc6 3 Nf3} O-O 11. Bxc6 bxc6 12. Re1 Qb6 13. Qc2 Nb4 14. Qe4 e5 15. dxe5 ({Reject} 15. Nxe5 Bf5 $17) 15... Bf5 $36 {[%mdl 2048] White is under pressure.} 16. Qh4 Nc2 $1 {[%csl LRa1,LRe1][%cal Rc2a1][%mdl 64] [#] Double Attack} 17. Na4 Qc7 18. Bf4 Nxa1 19. Rxa1 Qd8 ({Better is} 19... h5 $17 {White must now prevent ...Bg4.} 20. e6 Qa5) 20. Bg5 $11 Qd3 21. Re1 Rfe8 {...Bxe5! is the strong threat.} 22. h3 Qc2 23. Bh6 Rad8 24. Bxg7 {The position is equal.} Kxg7 25. Nd4 ({But not} 25. Qf6+ Kg8 $17) 25... Qd2 {[%mdl 64] [#] Double Attack} 26. Nxf5+ gxf5 27. Qf6+ $1 {[%mdl 64] Double Attack} Kg8 28. Re3 $1 {[%cal Re3g3] Hoping for Rg3+.} Rd3 29. Qg5+ Kh8 {Strongly threatening ...Re6.} 30. Qf6+ {[%mdl 64] Double Attack} Kg8 {Threatens to win with ...Re6.} 31. Qg5+ Kh8 {Accuracy: White = 90%, Black = 78%.} 1/2-1/2

[Event "13th BPB Limburg Open 2019"]
[Site "Maastricht"]
[Date "2019.06.08"]
[Round "3.3"]
[White "Beerdsen, Thomas"]
[Black "Van Wely, Loek"]
[Result "1/2-1/2"]
[WhiteElo "2488"]
[BlackElo "2604"]
[Annotator "TA"]
[PlyCount "124"]
[EventDate "2019.06.07"]
[EventCountry "NED"]
[SourceTitle "playchess.com"]
[Source "ChessBase"]
[SourceQuality "1"]

{[%evp 14,124,29,25,20,0,47,52,61,53,58,53,65,64,72,-15,20,10,34,-22,33,0,40,18,21,13,18,0,40,41,71,29,27,35,48,31,64,62,117,81,89,79,77,50,42,0,67,57,60,45,288,108,141,142,129,131,127,122,149,126,212,216,212,225,226,227,227,215,193,192,197,193,212,208,202,189,266,265,300,295,360,366,400,409,377,361,358,277,274,244,141,238,248,83,262,258,250,249,415,403,443,346,488,481,475,455,346,0,331,249,199,0,311]} 1. e4 c5 2. Nf3 e6 3. d4 cxd4 4. Nxd4 a6 5. Nc3 Qc7 6. Bd3 Nf6 7. Qe2 d6 8. O-O Nbd7 {B42: Sicilian: Kan Variation: 5 Bd3} (8... Be7 9. Bd2 O-O 10. Nb3 {½-½ (10) Jovanovic,Z (2534)-Markus,R (2650) Mali Losinj 2017}) 9. Kh1 b6 10. Bg5 Be7 {White is slightly better.} 11. f4 Bb7 12. Rae1 h6 13. Bh4 {And now e5 would win.} Nc5 14. Bg3 $146 (14. e5 $16 dxe5 15. fxe5) ({Predecessor:} 14. e5 Nd5 15. Nxd5 Bxd5 16. Bxe7 Qxe7 {1-0 (26) Gulde,J (2076)-Steinbach,P (1909) Ditzingen 2006}) 14... h5 15. Nf3 b5 {Black wants to play ...b4.} 16. a3 (16. e5 $14 dxe5 17. f5) 16... Rc8 ({Better is} 16... h4 $11 17. Bxh4 Nfxe4 18. Bxe4 Nxe4 19. Nxe4 Bxh4 20. Nxh4 Rxh4) 17. Bh4 Ng4 18. Bxe7 Qxe7 19. h3 Nf6 20. Ng5 h4 {aiming for ...Nh5.} 21. Qf2 $1 Nfd7 22. Qd4 Kf8 23. Be2 Nb6 24. Rd1 Nba4 25. Nxa4 Nxa4 ({Black should try} 25... bxa4 $14 26. b4 axb3 27. cxb3 Nxb3 28. Qxd6 Nc5) 26. Bg4 Rh6 27. b3 ({But not} 27. Qxd6 Nxb2 28. Rd4 Qxd6 $15) 27... Nc5 28. b4 Na4 29. Rf2 d5 (29... Nc3 $11) 30. exd5 Bxd5 31. f5 $36 {[%mdl 2048] White has some pressure.} Rc4 $2 {[#]} ({Black should play} 31... Qxg5 $14 32. fxe6 Rxe6) 32. Nxe6+ $1 {[%mdl 512]} Bxe6 (32... fxe6 33. fxe6+) 33. Qd8+ Qxd8 34. Rxd8+ Ke7 35. fxe6 fxe6 36. Ra8 Rc6 (36... Rc7 $16) 37. Ra7+ $18 Kd6 38. Bf3 (38. Rxg7 $6 Nc3 $16) 38... Rb6 39. Rd2+ ({Don't do} 39. Rxg7 Nc3) 39... Ke5 40. Rxg7 Nb2 41. Rg4 Nc4 42. Rd3 Nd6 43. a4 bxa4 44. Ra3 Nf5 (44... Rh8 $142 45. Be2 (45. Rxa4 Rc8 $16) 45... Nf5) 45. Rxa4 Rd6 46. c4 Rd2 47. Rxa6 Ng3+ 48. Kh2 Rb2 49. Ra5+ Kf6 50. b5 Rb1 {[%csl Gg3][%cal Rb1h1]} 51. Rxg3 $1 hxg3+ 52. Kxg3 {[%mdl 4096] Endgame KRR-KRB} Rg6+ 53. Bg4 $2 (53. Kh2 $18 {has better winning chances. Be4 is the strong threat.} Rb4 54. c5) 53... Rg5 $2 {[#]} (53... Rb4 $16) 54. Ra6 $1 Re5 55. Rc6 Re4 $2 (55... Rb4 56. Kf3 Rb3+ 57. Kf4 Rb4) 56. b6 Rb3+ 57. Kh2 Rb2 (57... Ree3 {keeps fighting.} 58. c5 Rb1) 58. c5 Re3 59. Rc7 Reb3 60. Rc6 Re3 61. Rd6 {Threatens to win with c6.} Ke7 62. Rc6 (62. Bd1 $142) 62... Kf6 $1 {[%mdl 32768] Accuracy: White = 56%, Black = 38%. . An unexpected result.} 1/2-1/2